Vienna 1900 (Record no. 1977)
[ view plain ]
| 000 -CABECERA | |
|---|---|
| campo de control de longitud fija | 01018nam a2200253 a 4500 |
| 001 - NÚMERO DE CONTROL | |
| campo de control | BRCA_2225 |
| 005 - FECHA Y HORA DE LA ÚLTIMA TRANSACCIÓN | |
| campo de control | 20190320203724.0 |
| 008 - DATOS DE LONGITUD FIJA--INFORMACIÓN GENERAL | |
| campo de control de longitud fija | 860318s1986 nyua---##b---#001-0#eng-# |
| 020 ## - NÚMERO INTERNACIONAL ESTÁNDAR DEL LIBRO | |
| Número Internacional Estándar del Libro | 0870706187 |
| 040 ## - FUENTE DE LA CATALOGACIÓN | |
| Centro catalogador/agencia de origen | DLC |
| Centro/agencia transcriptor | DLC |
| Centro/agencia modificador | DLC |
| 050 #4 - SIGNATURA TOPOGRÁFICA DE LA BIBLIOTECA DEL CONGRESO | |
| Número de clasificación | N6810.V5 |
| Número de documento/Ítem | .V37 1986 |
| 100 1# - ENTRADA PRINCIPAL--NOMBRE DE PERSONA | |
| Nombre de persona | Varnedoe, Kirk |
| Fechas asociadas al nombre | 1946- |
| 9 (RLIN) | 6692 |
| 245 10 - MENCIÓN DE TÍTULO | |
| Título | Vienna 1900 |
| Resto del título | Art, Architecture, Desing |
| Mención de responsabilidad, etc. | Kirk Varnedoe. |
| 260 ## - PUBLICACIÓN, DISTRIBUCIÓN, ETC. | |
| Lugar de publicación, distribución, etc. | New York |
| Nombre del editor, distribuidor, etc. | Museum of Modern Art : Graphic Society Books : Little, Brown |
| Fecha de publicación, distribución, etc. | 1986. |
| 300 ## - DESCRIPCIÓN FÍSICA | |
| Extensión | 264 p. |
| Otras características físicas | il. (algunas a color) |
| Dimensiones | 29 cm. |
| 500 ## - NOTA GENERAL | |
| Nota general | Catálogo de la exposición realizada en el Museum of Modern Art (New York), 3 julio - 21 octubre, 1986 |
| 500 ## - NOTA GENERAL | |
| Nota general | Incluye índice alfabético y cronología |
| 504 ## - NOTA DE BIBLIOGRAFÍA, ETC. | |
| Nota de bibliografía, etc. | Bibliografía: p. 245-256. |
| 650 14 - PUNTO DE ACCESO ADICIONAL DE MATERIA--TÉRMINO DE MATERIA | |
| Término de materia o nombre geográfico como elemento de entrada | Art Nouveau |
| Subdivisión de forma | Exposiciones. |
| Subdivisión geográfica | Austria |
| 9 (RLIN) | 6693 |
| 650 14 - PUNTO DE ACCESO ADICIONAL DE MATERIA--TÉRMINO DE MATERIA | |
| Término de materia o nombre geográfico como elemento de entrada | Arte australiano |
| Subdivisión de forma | Exposiciones. |
| Subdivisión cronológica | Siglo XIX |
| Subdivisión geográfica | Austria |
| 9 (RLIN) | 6694 |
| 651 #4 - PUNTO DE ACCESO ADICIONAL DE MATERIA--NOMBRE GEOGRÁFICO | |
| Nombre geográfico | Vienna (Austria) |
| Subdivisión de forma | Exposiciones. |
| Subdivisión general | Civilización |
| 9 (RLIN) | 6695 |
| 710 2# - PUNTO DE ACCESO ADICIONAL--NOMBRE DE ENTIDAD CORPORATIVA | |
| Nombre de entidad corporativa o nombre de jurisdicción como elemento de entrada | Museum of Modern Art (New York, N.Y.) |
| 9 (RLIN) | 6696 |
| 942 ## - ELEMENTOS DE PUNTO DE ACCESO ADICIONAL (KOHA) | |
| Fuente del sistema de clasificación o colocación | Library of Congress Classification |
| Tipo de ítem Koha | Libros |
| Estado de retiro | Estado de pérdida | Estado dañado | No para préstamo | Localización permanente | Ubicación/localización actual | Fecha de adquisición | Total de préstamos | Signatura topográfica completa | Código de barras | Fecha visto por última vez | Precio válido a partir de | Tipo de ítem Koha |
|---|---|---|---|---|---|---|---|---|---|---|---|---|
| El ejemplar forma parte de la colección y puede ser consultado según las políticas vigentes. | Biblioteca del Museo Franz Mayer (Rogerio Casas-Alatriste) | Biblioteca del Museo Franz Mayer (Rogerio Casas-Alatriste) | 14/08/2008 | N6810.V5 .V37 1986 | 02274 | 22/03/2019 | 22/03/2019 | Libros |